000 00480nam a22001817a 4500
999 _c2968
_d2968
003 URS
005 20220114142332.0
008 200214s2001 |||| |||| 00| 0 eng d
020 _a0553801449
040 _cURS
_beng
_drda
050 1 4 _aPS 3569
_b.I379 2001
100 1 _aSiegel, Shledon
245 1 0 _aIncriminating evidence
_cSheldon Siegel
260 _aNew York:
_bBantam Books;
_c[2001]
300 _a387 pages
_c25 cm
650 _aPublic Prosecutors-Fiction
942 _2lcc
_cFR